Afasias y apraxias
Uloženo v:
| Hlavní autor: | |
|---|---|
| Médium: | Kniha |
| Jazyk: | španělština |
| Vydáno: |
Buenos Aires
Paidos
1977
|
| Edice: | Biblioteca del Educador Contemporáneo, 11
|
| Témata: | |
| Tagy: |
Přidat tag
Žádné tagy, Buďte první, kdo vytvoří štítek k tomuto záznamu!
|
MARC
| LEADER | 00000nam a2200000 a 4500 | ||
|---|---|---|---|
| 001 | UCU9352 | ||
| 003 | CL-VaPUC | ||
| 008 | 960816e19770000AG |||||||||||||||||spa|d | ||
| 082 | 0 | 4 | |a 616.855 |b HEC |2 21 |
| 100 | |a Hecaen, Henri |e author |9 368405 | ||
| 245 | 1 | 0 | |a Afasias y apraxias |
| 300 | |a 184 p | ||
| 942 | |c BK | ||
| 945 | |d 19960816 00:00:00 |a rbrito | ||
| 260 | |a Buenos Aires |b Paidos |c 1977 | ||
| 650 | 0 | |a Afasia |9 310673 | |
| 650 | 0 | |a Apraxia |9 343730 | |
| 650 | 7 | |a TRASTORNOS DEL HABLA |2 CL-VaPUC |9 309440 | |
| 650 | 7 | |a ENFERMEDADES DEL SISTEMA NERVIOSO |2 CL-VaPUC |9 269801 | |
| 650 | 7 | |a INSUFICIENCIAS FISICAS |2 CL-VaPUC |9 351425 | |
| 650 | 0 | |a Fonética |9 308371 | |
| 650 | 7 | |a HABLA |2 CL-VaPUC |9 311668 | |
| 583 | |a last modification |c 19960816 00:00:00 |k Rodrigo Vera | ||
| 490 | 0 | |a Biblioteca del Educador Contemporáneo, 11 | |
| 999 | |c 251112 |d 251110 | ||
| 952 | |0 0 |1 0 |4 0 |6 616_855000000000000_HEC_1977 |7 0 |8 A |9 270056 |a BIBEDU |b BIBEDU |d 2019-11-19 |i 3220982 |o 616.855 HEC 1977 |p 3220982 |r 2019-11-19 |w 2019-11-19 |y BK |k LIT | ||
| 952 | |0 0 |1 0 |4 0 |6 616_855000000000000_HEC_1977 |7 0 |8 A |9 270057 |a BIBEDU |b BIBEDU |d 2019-11-19 |i 1402358 |o 616.855 HEC 1977 |p 1402358 |r 2019-11-19 |w 2019-11-19 |y BK |k LIT | ||